University Home | Library Home | Institutional Repository

Mining Technology (Record no. 9813)

MARC details
000 -LEADER
fixed length control field 00437cas a2200157 4500
008 - FIXED-LENGTH DATA ELEMENTS--GENERAL INFORMATION
fixed length control field 150903n eng u
022 ## - INTERNATIONAL STANDARD SERIAL NUMBER
International Standard Serial Number 00265276
035 ## - SYSTEM CONTROL NUMBER
System control number (Sirsi) a192008
050 ## - LIBRARY OF CONGRESS CALL NUMBER
Classification number TN1.M85
245 ## - TITLE STATEMENT
Title Mining Technology
260 ## - PUBLICATION, DISTRIBUTION, ETC.
Place of publication, distribution, etc. Manchester
Name of publisher, distributor, etc. Marylebone Press Ltd
310 ## - CURRENT PUBLICATION FREQUENCY
Current publication frequency Monthly
362 ## - DATES OF PUBLICATION AND/OR SEQUENTIAL DESIGNATION
Dates of publication and/or sequential designation Vol. 53, No. 603, 1971 - Vol. 69, No. 806, 1987
520 ## - SUMMARY, ETC.
Summary, etc. Publishes articles on mining technology
650 ## - SUBJECT ADDED ENTRY--TOPICAL TERM
Topical term or geographic name entry element Mining
Holdings
Withdrawn status Lost status Source of classification or shelving scheme Damaged status Not for loan Home library Current library Shelving location Total Checkouts Full call number Barcode Date last seen Copy number Price effective from Koha item type
    Library of Congress Classification     Main Library Main Library Serials   TN1.M85 5276698061987 08/12/2019 1 08/12/2019 Periodical
    Library of Congress Classification     Main Library Main Library Serials   TN1.M85 5276536036041971 08/12/2019 2 08/12/2019 Periodical
© 2026 - The University of Zambia Library - Koha v25.11